<?xml version="1.0" encoding="UTF-8"?><?xml-stylesheet type="text/xsl" href="static/style.xsl"?><OAI-PMH xmlns="http://www.openarchives.org/OAI/2.0/" xmlns:xsi="http://www.w3.org/2001/XMLSchema-instance" xsi:schemaLocation="http://www.openarchives.org/OAI/2.0/ http://www.openarchives.org/OAI/2.0/OAI-PMH.xsd"><responseDate>2026-06-01T08:01:08Z</responseDate><request verb="GetRecord" identifier="oai:riuma.uma.es:10630/19453" metadataPrefix="marc">https://riuma.uma.es/rest/oai/request</request><GetRecord><record><header><identifier>oai:riuma.uma.es:10630/19453</identifier><datestamp>2026-02-03T10:18:50Z</datestamp><setSpec>com_10630_1685</setSpec><setSpec>col_10630_38085</setSpec></header><metadata><record xmlns="http://www.loc.gov/MARC21/slim" xmlns:dcterms="http://purl.org/dc/terms/" xmlns:doc="http://www.lyncode.com/xoai" xmlns:xsi="http://www.w3.org/2001/XMLSchema-instance" xsi:schemaLocation="http://www.loc.gov/MARC21/slim http://www.loc.gov/standards/marcxml/schema/MARC21slim.xsd">
   <leader>00925njm 22002777a 4500</leader>
   <datafield ind2=" " ind1=" " tag="042">
      <subfield code="a">dc</subfield>
   </datafield>
   <datafield ind2=" " ind1=" " tag="720">
      <subfield code="a">Aranda-Garrido, María Lourdes</subfield>
      <subfield code="e">author</subfield>
   </datafield>
   <datafield ind2=" " ind1=" " tag="260">
      <subfield code="c">2020-04-01</subfield>
   </datafield>
   <datafield ind2=" " ind1=" " tag="520">
      <subfield code="a">La aportación es un trabajo de material docente para la asignatura de “Los ámbitos de la Orientación  Educativa y el Asesoramiento Psicopedagógico”,  donde se hace un recorrido histórico de la Orientación en Estados Unidos y Europa, y en especial en España. También  se analizan los principios que rigen la orientación en el sistema educativo. Además, se explican de forma exhaustiva la caracterización de los diferentes modelos de intervención en la Orientación Educativa (Counseling o Consejo, Consulta o Asesoramiento, Servicios y Programas).</subfield>
   </datafield>
   <datafield ind1="8" ind2=" " tag="024">
      <subfield code="a">https://hdl.handle.net/10630/19453</subfield>
   </datafield>
   <datafield tag="653" ind2=" " ind1=" ">
      <subfield code="a">Orientación pedagógica</subfield>
   </datafield>
   <datafield ind2="0" ind1="0" tag="245">
      <subfield code="a">Evolución y principios en la orientación educativa y modelos de intervención</subfield>
   </datafield>
</record>
</metadata></record></GetRecord></OAI-PMH>